Pokémon Jessie et James Team Rocket - Statistiques

Statistiques générales
  • Ce quiz a été pris 80 fois
  • Le résultat moyen est 18 sur 27
Statistiques - réponses
Région Type de quiz Pokémon % Correct
Kanto Normal Miaouss
98%
Kanto Poison Smogogo
94%
Kanto Poison Arbok
91%
Johto Psy Qulbutoké
86%
Kanto Plante/Poison Empiflor
77%
Alola Spectre/Fée Mimiqui
74%
Kanto Eau/Vol Léviator
73%
Kalos Ténèbres/Psy Sepiatop
73%
Sinnoh Plante Vortente
73%
Hoenn Insecte/Poison Papinox
71%
Hoenn Poison Séviper
71%
Unys Eau/Spectre Viskuse
71%
Kalos Plante/Spectre Banshitrouye
70%
Hoenn Plante Cacnea
68%
Kanto Feu Caninos
67%
Galar Électrik/Ténèbres Morpeko
67%
Alola Poison/Eau Vorastérie
65%
Unys Psy/Vol Chovsourir
64%
Kanto Psy/Fée Mime Jr.
64%
Unys Spectre Tutafeh
64%
Sinnoh Insecte/Vol Yanmega
61%
Hoenn Psy Éoko
59%
Kanto Normal Excelangue
59%
Unys Plante/Poison Gaulet
56%
Kalos Acier/Fée Mysdibule
48%
Kanto Eau/Glace Kokiyas
35%
Hoenn Plante/Vol Granivol
33%
Aucun quiz correspondant
Distribution des résultats
% des personnes avec chaque résultat
Percentile par nombre de réponses
Votre historique - résultats
Vous n’avez pas pris ce quiz